Statistical analysis for administrative decisions

Guardat en:
Dades bibliogràfiques
Autors principals: Clark, Charles T (Autor), Schkade, Lawrence L (Autor)
Format: Llibre
Idioma:anglès
Publicat: Cincinnati South-Western 1983
Edició:4a. ed
Matèries:
Etiquetes: Afegir etiqueta
Sense etiquetes, Sigues el primer a etiquetar aquest registre!

MARC

LEADER 00000nam a2200000 a 4500
001 UCY5804
003 CL-VaPUC
008 950512e19830000US |||||||||||||||||eng|d
082 0 4 |a 658.403  |b CLA  |2 21 
100 0 |a Clark, Charles T  |e author  |9 335042 
700 0 |a Schkade, Lawrence L  |e author  |9 335043 
245 1 0 |a Statistical analysis for administrative decisions 
250 |a 4a. ed 
300 |a 714 p 
942 |c BK 
945 |d 19950512 00:00:00  |a cmena 
260 |a Cincinnati  |b South-Western  |c 1983 
650 0 |a Estadística   |9 259535 
650 0 |a Estadísticas matemáticas  |9 335044 
650 0 |a Operaciones administrativas  |9 335045 
650 0 |a Toma de decisiones   |9 257530 
650 0 |a Análisis de sistemas   |9 260059 
650 0 |a Administración de empresas   |9 260833 
650 0 |a Matemática  |9 260235 
583 |a last modification  |c 19950512 00:00:00  |k Rodrigo Vera 
999 |c 233414  |d 233412 
952 |0 0  |1 0  |4 0  |6 658_403000000000000_CLA_1983  |7 0  |8 P  |9 238945  |a BIBEDU  |b BIBEDU  |c BIBEDU_PB  |d 2019-11-18  |i 1504037  |o 658.403 CLA 1983  |p 1504037  |r 2024-01-25  |w 2019-11-18  |y BK  |k EDU